Talking to terrorists : (Record no. 15647)
[ view plain ]
| 000 -LEADER | |
|---|---|
| fixed length control field | 02101nam a2200193 a 4500 |
| 001 - CONTROL NUMBER | |
| control field | ASIN0007413076 |
| 005 - DATE AND TIME OF LATEST TRANSACTION | |
| control field | 20170105102922.0 |
| 008 - FIXED-LENGTH DATA ELEMENTS--GENERAL INFORMATION | |
| fixed length control field | 131209s2011 xxu eng d |
| 020 ## - INTERNATIONAL STANDARD BOOK NUMBER | |
| International Standard Book Number | 0007413076 (paperback) |
| Terms of availability | $20.50 |
| 020 ## - INTERNATIONAL STANDARD BOOK NUMBER | |
| International Standard Book Number | 9780007413072 (paperback) |
| 040 ## - CATALOGING SOURCE | |
| Original cataloging agency | 0 |
| 100 1# - MAIN ENTRY--PERSONAL NAME | |
| Personal name | Taylor, Peter. |
| 245 10 - TITLE STATEMENT | |
| Title | Talking to terrorists : |
| Remainder of title | a personal journey from the ira to al qaeda / |
| Statement of responsibility, etc. | Peter Taylor. |
| 260 ## - PUBLICATION, DISTRIBUTION, ETC. | |
| Place of publication, distribution, etc. | [S.l.] : |
| Name of publisher, distributor, etc. | Harper Press, |
| Date of publication, distribution, etc. | 2011. |
| 300 ## - PHYSICAL DESCRIPTION | |
| Extent | 342 p. ; |
| Dimensions | 24 cm. |
| 520 ## - SUMMARY, ETC. | |
| Summary, etc. | A controversial and important book by BBC reporter and terrorism expert Peter Taylor In 'Talking to Terrorists' Peter Taylor takes us on a personal journey, quoting from diaries written at the time, as he reveals what it was like to come face-to-face with killers such as the Brighton bomber, Patrick Magee, and Islamic jihadis. What are terrorists really like? How do states counter them? And should governments talk to them? Drawing on more than 35 years of reporting terrorism, Taylor asks these questions as he tries to understand the motives of the men and women behind some of the world's most notorious terror attacks. The reality behind terrorism is complex. As the saying goes, 'one man's terrorist is another man's freedom fighter'. Many former 'terrorists' have gone on to become statesmen: Menachem Begin of Israel's Irgun, Yasser Arafat of Palestine's Fatah, Nelson Mandela of South Africa's ANC, and Gerry Adams and Martin McGuinness of Ireland's Irish Republican Army. Stripped of their masks, bombs and guns, terrorists are normal people - but they are prepared to kill in the name of a cause in which they believe. Taylor asks what lessons can be learned from the resolution of conflict in Northern Ireland in confronting the threat of Islamic extremism, and tackles head-on the highly topical issue of extracting actionable intelligence that could save lives. When does interrogation become torture? Often, he argues, there is little choice but to talk to the enemy. |
| 856 40 - ELECTRONIC LOCATION AND ACCESS | |
| Materials specified | Amazon.com |
| Uniform Resource Identifier | <a href="http://www.amazon.com/exec/obidos/ASIN/0007413076/chopaconline-20">http://www.amazon.com/exec/obidos/ASIN/0007413076/chopaconline-20</a> |
| 942 ## - ADDED ENTRY ELEMENTS (KOHA) | |
| Source of classification or shelving scheme | |
| Koha item type | Book |
| Withdrawn status | Lost status | Damaged status | Not for loan | Collection code | Permanent Location | Current Location | Shelving location | Date acquired | Total Checkouts | Full call number | Barcode | Date last seen | Price effective from | Koha item type |
|---|---|---|---|---|---|---|---|---|---|---|---|---|---|---|
| Centre for International Peace & Stability (CIPS) | Centre for International Peace & Stability (CIPS) | General Stacks | 10/02/2013 | 363.325 TAY 2011 | CIPS0002353 | 12/09/2013 | 12/09/2013 | Book |
